Object Oriented Programming through Java / (Record no. 1122)

MARC details
000 -LEADER
Fixed length control field 00532nam a2200169 4500
003 - CONTROL NUMBER IDENTIFIER
Control field SEACOMMC
005 - DATE AND TIME OF LATEST TRANSACTION
Control field 20250506130535.0
008 - FIXED-LENGTH DATA ELEMENTS--GENERAL INFORMATION
Fixed length control field 250306b |||||||| |||| 00| 0 eng d
020 ## - INTERNATIONAL STANDARD BOOK NUMBER / ISBN
International Standard Book Number 978-81-8371-088-6
Price Rs.295.00
040 ## - CATALOGING SOURCE
Original cataloging agency SEACOMMC
082 ## - DEWEY DECIMAL CLASSIFICATION NUMBER
Classification number 005.133 Java
Book Number B 575
100 ## - MAIN ENTRY--PERSONAL NAME
Personal name Bhaskar, V. Vijaya
245 1# - TITLE STATEMENT
Title Object Oriented Programming through Java /
Statement of responsibility V. Vijaya Bhaskar [and] P. Venkata Subba Reddy
260 ## - IMPRINT
Place of publication Hyderabad
Name of publisher Scitech Publications
Date of publication c2007
650 ## - SUBJECT ADDED ENTRY--TOPICAL TERM
Topical term Computer Programming Language
942 ## - ADDED ENTRY ELEMENTS (KOHA)
Koha item type Books
Holdings
Withdrawn status Lost status Source of classification Damaged status Not for loan Home library Current library Shelving location Date acquired Total Checkouts Call number Accession number Date last seen Price effective from Koha item type Date checked out Copy number
    Dewey Decimal Classification     SEACOM MANAGEMENT COLLEGE SEACOM MANAGEMENT COLLEGE Reference 16/09/2009   005.133 Java B 575 M-2447 06/03/2025 06/03/2025 Reference Books    
    Dewey Decimal Classification     SEACOM MANAGEMENT COLLEGE SEACOM MANAGEMENT COLLEGE   16/09/2009 1 005.133 Java B 575 M-2448 10/11/2025 06/03/2025 Books 06/11/2025 1
    Dewey Decimal Classification     SEACOM MANAGEMENT COLLEGE SEACOM MANAGEMENT COLLEGE   16/09/2009   005.133 Java B 575 M-2449 06/03/2025 06/03/2025 Books   2
    Dewey Decimal Classification     SEACOM MANAGEMENT COLLEGE SEACOM MANAGEMENT COLLEGE   16/09/2009   005.133 Java B 575 M-2450 06/03/2025 06/03/2025 Books   3
    Dewey Decimal Classification     SEACOM MANAGEMENT COLLEGE SEACOM MANAGEMENT COLLEGE   16/09/2009   005.133 Java B 575 M-2451 06/03/2025 06/03/2025 Books   4
    Dewey Decimal Classification     SEACOM MANAGEMENT COLLEGE SEACOM MANAGEMENT COLLEGE   16/09/2009   005.133 Java B 575 M-2452 06/03/2025 06/03/2025 Books   5
    Dewey Decimal Classification     SEACOM MANAGEMENT COLLEGE SEACOM MANAGEMENT COLLEGE   16/09/2009   005.133 Java B 575 M-2453 06/03/2025 06/03/2025 Books   6
    Dewey Decimal Classification     SEACOM MANAGEMENT COLLEGE SEACOM MANAGEMENT COLLEGE   16/09/2009   005.133 Java B 575 M-2454 06/03/2025 06/03/2025 Books   7
    Dewey Decimal Classification     SEACOM MANAGEMENT COLLEGE SEACOM MANAGEMENT COLLEGE   16/09/2009   005.133 Java B 575 M-2455 06/03/2025 06/03/2025 Books   8
    Dewey Decimal Classification     SEACOM MANAGEMENT COLLEGE SEACOM MANAGEMENT COLLEGE   16/09/2009   005.133 Java B 575 M-2456 06/03/2025 06/03/2025 Books   9
© Seacom Engineering College, All rights reserved.    Powered by Koha